000
00356nam a22001577a 4500
003
MPLRDC
005
20220104124207.0
008
210129b ||||| |||| 00| 0 eng d
082
_a
880 GEJ-3
100
_a
高尔基
245
_a
老板
_c
260
_a
_b
人民文教出版社
_c
300
_b
平
650
_a
俄国文学
942
_c
BK
_o
880 GEJ-3
999
_c
17384
_d
17374